<?xml version="1.0" encoding="UTF-8"?>
<record
    xmlns:xsi="http://www.w3.org/2001/XMLSchema-instance"
    xsi:schemaLocation="http://www.loc.gov/MARC21/slim http://www.loc.gov/standards/marcxml/schema/MARC21slim.xsd"
    xmlns="http://www.loc.gov/MARC21/slim">

  <leader>01085nam a22002774a 4500</leader>
  <controlfield tag="001">PE-BaUNAB</controlfield>
  <controlfield tag="005">20260703204427.0</controlfield>
  <controlfield tag="006">a||||gr|||| 001 0 </controlfield>
  <controlfield tag="007">ta</controlfield>
  <controlfield tag="008">      t        pe     gr     00| 0 spa d</controlfield>
  <datafield tag="017" ind1=" " ind2=" ">
    <subfield code="a">B.903-2020</subfield>
  </datafield>
  <datafield tag="020" ind1=" " ind2=" ">
    <subfield code="a">9788491135722</subfield>
  </datafield>
  <datafield tag="040" ind1=" " ind2=" ">
    <subfield code="a">PE-BaUNAB</subfield>
  </datafield>
  <datafield tag="041" ind1=" " ind2=" ">
    <subfield code="a">spa</subfield>
  </datafield>
  <datafield tag="043" ind1=" " ind2=" ">
    <subfield code="c">per</subfield>
  </datafield>
  <datafield tag="082" ind1=" " ind2=" ">
    <subfield code="a">23 610.73069 </subfield>
  </datafield>
  <datafield tag="100" ind1=" " ind2=" ">
    <subfield code="a">Sheila A. Sorrentino</subfield>
    <subfield code="e">Autor</subfield>
    <subfield code="9">13879</subfield>
  </datafield>
  <datafield tag="245" ind1=" " ind2=" ">
    <subfield code="a">Manual Mosby de cuidados b&#xE1;sicos de enfermeria</subfield>
  </datafield>
  <datafield tag="260" ind1=" " ind2=" ">
    <subfield code="a">Barcelona, Espa&#xF1;a : </subfield>
    <subfield code="b">Elsevier, </subfield>
    <subfield code="c">2020</subfield>
  </datafield>
  <datafield tag="300" ind1=" " ind2=" ">
    <subfield code="a">518 p</subfield>
    <subfield code="c">27.5 cm</subfield>
  </datafield>
  <datafield tag="505" ind1=" " ind2=" ">
    <subfield code="a">Nuevo contenido. Capitulo 2: Los derechos de la persona,  Capitulo 3: El tecnico en cuidados auxiliares de enfermer&#xED;a,  Capitulo 4: &#xC9;tica y leyes,  Capitulo 5: Estudiantes y &#xE9;tica en el trabajo,  Capitulo 6: Comunicaci&#xF3;n con el equipo de salud,  Capitulo 10. Necesidades en seguridad,   Capitulo 11.  Prevenci&#xF3;n de ca&#xED;das..</subfield>
  </datafield>
  <datafield tag="650" ind1=" " ind2="0">
    <subfield code="a">Autocuidado en salud</subfield>
    <subfield code="9">5669</subfield>
  </datafield>
  <datafield tag="650" ind1=" " ind2="0">
    <subfield code="a">Cuidados de enfermer&#xED;a</subfield>
    <subfield code="9">5652</subfield>
  </datafield>
  <datafield tag="700" ind1=" " ind2=" ">
    <subfield code="a">Leighann N. Remmert</subfield>
    <subfield code="9">13880</subfield>
  </datafield>
  <datafield tag="942" ind1=" " ind2=" ">
    <subfield code="2">ddc</subfield>
    <subfield code="c">LIB</subfield>
    <subfield code="e">2026-07-03</subfield>
    <subfield code="z">LRM</subfield>
  </datafield>
  <datafield tag="952" ind1=" " ind2=" ">
    <subfield code="2">ddc</subfield>
    <subfield code="8">ENFER</subfield>
    <subfield code="a">B01</subfield>
    <subfield code="b">B01</subfield>
    <subfield code="d">2026-07-03</subfield>
    <subfield code="l">0</subfield>
    <subfield code="o">23 610.73069 S714m</subfield>
    <subfield code="p">01L000008457</subfield>
    <subfield code="r">2026-07-03 20:41:47</subfield>
    <subfield code="y">LIB</subfield>
  </datafield>
  <datafield tag="952" ind1=" " ind2=" ">
    <subfield code="2">ddc</subfield>
    <subfield code="8">ENFER</subfield>
    <subfield code="a">B01</subfield>
    <subfield code="b">B01</subfield>
    <subfield code="d">2026-07-03</subfield>
    <subfield code="l">0</subfield>
    <subfield code="o">23 610.73069 S714m</subfield>
    <subfield code="p">01L000008458</subfield>
    <subfield code="r">2026-07-03 20:41:47</subfield>
    <subfield code="t">ej.2</subfield>
    <subfield code="y">LIB</subfield>
  </datafield>
  <datafield tag="952" ind1=" " ind2=" ">
    <subfield code="2">ddc</subfield>
    <subfield code="8">ENFER</subfield>
    <subfield code="a">B01</subfield>
    <subfield code="b">B01</subfield>
    <subfield code="d">2026-07-03</subfield>
    <subfield code="l">0</subfield>
    <subfield code="o">23 610.73069 S714m</subfield>
    <subfield code="p">01L000008459</subfield>
    <subfield code="r">2026-07-03 20:41:47</subfield>
    <subfield code="t">ej.3</subfield>
    <subfield code="y">LIB</subfield>
  </datafield>
  <datafield tag="999" ind1=" " ind2=" ">
    <subfield code="c">6127</subfield>
    <subfield code="d">6127</subfield>
  </datafield>
</record>
